| 000 | 00823nam a22002297a 4500 | ||
|---|---|---|---|
| 005 | 20240530110504.0 | ||
| 008 | 150503s2008 ua g 000 0 ara d | ||
| 017 |
_a2008/13040 _bمصر . دار الكتب المصرية |
||
| 020 | _a977319096x | ||
| 040 | _aEG-CaGPL | ||
| 082 | 0 | 4 |
_221 _a021.2\ _bع د |
| 100 | 0 | _aعزة سلطان | |
| 245 | 1 | 2 |
_aالدليل الشامل لانشطة المكتبات / _cعزة سلطان |
| 260 |
_aالقاهرة : _bالعربى للنشر و التوزيع ، _c2008 . |
||
| 300 |
_a283 ص ؛ _c24 سم . |
||
| 490 | _aدراسات فى الكتب و المكتبات | ||
| 650 | 0 | 4 |
_aالمكتبات _xانشطة |
| 650 | 0 | 4 |
_aالمكتبات _xتخطيط |
| 650 | 0 | 4 | _aالخدمة المكتبية |
| 942 |
_2ddc _cBK |
||
| 999 |
_c61528 _d61528 |
||